00575nam a22001337a 450000500170000000800410001705000350005810000230009324500980011626000340021430000180024850000400026665001350030620250811110213.0250811b |||||||| |||| 00| 0 eng d aTHE HJ 2305 .K4 N525 2020bC.1 aNjiri, Alice Akiny aEffect of Tax Principles on Tax Compliance Among Small and Medium Enterprises in Eldoret Town aKisiibKisii Universityc2020 axv, 94p.:ill. aIncludes bibliographical references a1. Taxation - Kenya. 2. Tax administration and procedure - Kenya. 3. Tax compliance - Kenya. 4. Small business - Taxation - Kenya.